| Tag |
First Indicator |
Second Indicator |
Subfields |
| LEADER |
00000ccm a2200000 a 4500 |
| 001 |
in00001403851 |
| 005 |
20151020053204.0 |
| 008 |
860902s1984 cs spa z n N/A |
| 010 |
|
|
|a 86753790
|
| 019 |
|
|
|a 13956964
|
| 028 |
3 |
2 |
|a BA 6848
|b Bärenreiter
|
| 028 |
2 |
2 |
|a H 6798
|b Supraphon
|
| 035 |
|
|
|a (OCoLC)13138347
|
| 035 |
|
|
|9 AHM7328AM
|
| 040 |
|
|
|a DLC
|c DLC
|d TXA
|d UtOrBLW
|
| 041 |
1 |
|
|g cze
|g eng
|g fre
|g ger
|g rus
|
| 045 |
2 |
|
|b d1912
|b d1914
|
| 048 |
|
|
|a oa
|
| 049 |
|
|
|a TXAM
|
| 050 |
0 |
0 |
|a M3.J34
|b K6 Ser. D, vol. 6
|a M1002
|
| 090 |
|
|
|a M1002.J18
|b S8 1984
|
| 100 |
1 |
|
|a Janáček, Leoš,
|d 1854-1928.
|
| 245 |
1 |
0 |
|a Šumařovo dítě :
|b balada pro orchestr (1912-1914) /
|c Leoš Janáček ; [editoři, Jaromil Burghauser, Radomil Eliška].
|
| 254 |
|
|
|a Partitura.
|
| 264 |
|
1 |
|a Praha :
|b Supraphon ;
|a Kassel :
|b Bärenreiter,
|c 1984.
|
| 300 |
|
|
|a 1 score (xix, 97 pages) :
|b facsimiles ;
|c 35 cm.
|
| 336 |
|
|
|a notated music
|b ntm
|2 rdacontent
|
| 337 |
|
|
|a unmediated
|b n
|2 rdamedia
|
| 338 |
|
|
|a volume
|b nc
|2 rdacarrier
|
| 490 |
1 |
|
|a Souborné kritické vydání děl Leoše Janáčka. Řada D ;
|v sv. 6 =
|a Kritische Gesamtausgabe der Werke von Leoš Janáček. Reihe D ;
|v Bd. 6 =
|a Complete critical edition of the works of Leoš Janáček. Series D ;
|v v. 6
|
| 500 |
|
|
|a Based on the poem by Svatopluk Čech.
|
| 500 |
|
|
|a Added title page's: Russian and French; German and English.
|
| 650 |
|
0 |
|a Symphonic poems
|v Scores.
|
| 700 |
1 |
|
|a Burghauser, Jarmil,
|d 1921-1997.
|
| 700 |
1 |
|
|a Eliška, Radomil.
|
| 700 |
1 |
|
|a Čech, Svatopluk,
|d 1846-1908.
|t Šumařovo dítě.
|
| 800 |
1 |
|
|a Janáček, Leoš,
|d 1854-1928.
|t Works.
|f 1978 ;
|v řada D, sv. 6.
|
| 999 |
|
|
|a MARS
|
| 999 |
f |
f |
|s 426c28df-d3d1-3e71-a30b-8424e4efe078
|i 9543b146-8cd2-39ad-9db0-d42e9af30689
|t 0
|
| 952 |
f |
f |
|p ric
|a Texas A&M University
|b Rellis Campus
|c Joint Library Facility
|d Remote Storage
|t 0
|e M1002.J18 S8 1984
|f Oversize
|h Library of Congress classification
|i unmediated -- volume
|m A14822059315
|
| 998 |
f |
f |
|a M1002.J18 S8 1984
|t 0
|l Remote Storage
|